Statistics for Battles in WWI

Click here to take the quiz!

General Stats

  • This quiz has been taken 226 times
  • The average score is 8 of 16

Answer Stats

HintAnswer% Correct
The Bloodiest and Most Remembered Battle of WWIBattle of the Somme
97%
Longest Battle of the First World WarBattle of Verdun
85%
Failed Allied Amphibious Campaign Designed to Force an Ottoman OffensiveGallipoli Campaign
81%
The Largest Naval Battle of the WarBattle of Jutland
78%
This Battle in 1914 Marked the Beginning of Trench WarfareFirst Battle of the Marne
67%
First Time Chemical Gas is Used as a Weapon in the War2nd Battle of Ypres
64%
One the most Successful Russian Offensive in the WarBrusilov Offensive
54%
This Battle was a Major Defeat for Russia at the Beginning of the WarBattle of Tannenberg
51%
One of the Most Brutal Battle of the War Which Gained Notoriety for the Amount of MudBattle of Passchendaele
46%
The Most Famous Battle in Canadian HistoryVimy Ridge
39%
First Battle With the Widespread Use of TanksBattle of Cambrai
38%
A Resounding Defeat for Italy in the Fall of 1917Battle of Caporetto
34%
This Battle Marked the Beginning of the Allies Hundred Day CampaignBattle of Amiens
28%
The First Large Scale Battle Fought by the USA in WWIBattle of Belleau Wood
13%
This Offensive in 1916 was a Major Defeat for the French2nd Battle of the Aisne
10%
The Massive German Offensive in 1918 was Designed to End the WarGerman Spring Offensive
6%

Score Distribution

Percentile by Number Answered

Percent of People with Each Score

Your Score History

You have not taken this quiz